000 00687nam a2200229Ia 4500
003 OSt
005 20220928142859.0
006 a|||||r|||| 00| 0
007 ta
008 220927b |||||||| |||| 00| 0 eng d
024 _a20191
037 _cTextual
040 _aSDCL
_cSDCL
_beng
041 _2eng
_aeng
082 _aX:89K31.4'N9, N1
100 _aRamachandran H Ed.
_9503938
245 0 _aIntegrated rural development in Asia
_b Learning from recent xperience
260 _c1991
700 _a De Campos Guimaraes J P Ed.
_9503939
942 _hX:89K31.4'N9, N1
_cTEXL
_2CC
999 _c822327
_d822327